000 01000nam a2200253Ia 4500
003 OSt
005 20221005111745.0
006 a|||||r|||| 00| 0
007 ta
008 221004b |||||||| |||| 00| 0 hin d
024 _a121706
037 _bGift, 06/10/2012,
_cTextual
040 _aCRL
_cCRL
_bhin
041 _2hin
_ahin
082 _aV235'L, 155P9
100 _aखरे, गणेश हरी
245 0 _aमध्ययुगीन महाराष्ट्राचा इतिहास
_b इ.स.1296-1336
246 _aMadhyayugīn mahārāṣhṭrāchā itihāsa: i.sa.1296-1336
260 _aमुंबई
_bमहाराष्ट्र राज्य साहित्य आणि संस्कृति मंडल भारत
_c1999
300 _a189पृ0
_ccm.
650 _aविश्व-इतिहास
942 _hV235'L, 155P9
_cTEXL
_2cc
999 _c1022795
_d1022795